Cartes de Hitman (2016) par images - Statistiques

Statistiques générales
  • Ce quiz a été pris 12 fois
  • Le résultat moyen est 5 sur 6
Statistiques - réponses
Par images Réponse % Correct
Paris
100%
Bangkok
90%
Colorado
90%
Marrakech
90%
Hokkaido
80%
Sapienza
80%
Aucun quiz correspondant
Distribution des résultats
% des personnes avec chaque résultat
Percentile par nombre de réponses
Votre historique - résultats
Vous n’avez pas pris ce quiz